Revista española de literatura, historia y arte / (Record no. 1847)
[ view plain ]
| 000 -LEADER | |
|---|---|
| campo de control de longitud fija | 00910nas a2200265 i 4500 |
| 001 - NÚMERO DE CONTROL | |
| campo de control | 1847 |
| 003 - IDENTIFICADOR DE NÚMERO DE CONTROL | |
| campo de control | ES-MaACL |
| 005 - FECHA Y HORA DE LA ÚLTIMA TRANSACCIÓN | |
| campo de control | 20250812075022.0 |
| 008 - DATOS DE LONGITUD FIJA--INFORMACIÓN GENERAL | |
| campo de control de longitud fija | 950801d19011901sp s| p | ||pa d |
| 080 ## - NÚMERO DE LA CLASIFICACIÓN DECIMAL UNIVERSAL | |
| Número de la Clasificación Decimal Universal | 460 |
| 245 00 - MENCIÓN DEL TÍTULO | |
| Título | Revista española de literatura, historia y arte / |
| Mención de responsabilidad, etc. | [dir., Emilio Cotarelo y Mori]. |
| 260 ## - PUBLICACIÓN, DISTRIBUCIÓN, ETC. | |
| Lugar de publicación, distribución, etc. | Madrid : |
| Nombre del editor, distribuidor, etc. | Imp. de la Revista Española, |
| Fecha de publicación, distribución, etc. | 1901. |
| 300 ## - DESCRIPCIÓN FÍSICA | |
| Extensión | 1 v. (408 p.) : |
| Otras características físicas | il. ; |
| Dimensiones | 30 cm. |
| 310 ## - PERIODICIDAD ACTUAL | |
| Periodicidad actual | Quincenal |
| 362 1# - FECHAS DE PUBLICACIÓN Y/O DESIGNACIÓN SECUENCIAL | |
| Fecha de publicación y/o designación secuencial | Año 1, n. 1 (1 en. 1901)- |
| 530 ## - NOTA DISPONIBLE DE FORMULARIO FÍSICO ADICIONAL | |
| Nota de formato físico adicional disponible | Disponible en formato digital. |
| 650 #7 - PUNTO DE ACCESO ADICIONAL DE MATERIA--TÉRMINO DE MATERIA | |
| Término de materia o nombre geográfico como elemento de entrada | Cultura |
| Fuente del encabezamiento o término | embne |
| 9 (RLIN) | 170963 |
| 650 #7 - PUNTO DE ACCESO ADICIONAL DE MATERIA--TÉRMINO DE MATERIA | |
| Término de materia o nombre geográfico como elemento de entrada | Arte y literatura |
| Fuente del encabezamiento o término | embne |
| 9 (RLIN) | 10334 |
| 700 1# - ENTRADA AGREGADA--NOMBRE PERSONAL | |
| Nombre de persona | Cotarelo y Mori, Emilio, |
| Fechas asociadas al nombre | 1857-1936 |
| 9 (RLIN) | 41168 |
| 852 ## - LOCALIZACIÓN | |
| Ubicación | ES-MaACL |
| Número de control de estantería | T-1123-F-4 |
| Nota libre | - Enc. en vol. facticio con otras obras |
| 856 ## - LOCALIZACIÓN Y ACCESO ELECTRÓNICOS | |
| Identificador Uniforme de Recursos | <a href="http://www.archive.org/details/revistaespaola01madr ">http://www.archive.org/details/revistaespaola01madr </a> |
| Nota pública | Internet Archive |
| 866 #0 - MENCIÓN TEXTUAL DE FONDOS--UNIDAD BIBLIOGRÁFICA BÁSICA | |
| Fondos | (1901). |
| 942 ## - ELEMENTOS DE ENTRADA SECUNDARIOS (KOHA) | |
| Fuente del sistema de clasificación o colocación | Clasificación decimal universal |
| Estatus retirado | Estado de pérdida | Fuente del sistema de clasificación o colocación | Estado de daño | No para préstamo | Colección | Biblioteca de origen | Biblioteca actual | Ubicación en estantería | Fecha de adquisición | Total de préstamos | Signatura topográfica completa | Código de barras | Visto por última vez | Precio de reemplazo | Tipo de ítem Koha |
|---|---|---|---|---|---|---|---|---|---|---|---|---|---|---|---|
| Clasificación decimal universal | Colección de folletos | Biblioteca del Ateneo de Madrid | Biblioteca del Ateneo de Madrid | Depósito folletos | 17/01/2008 | T-1123-F-4 | 1001885 | 23/02/2023 | 23/02/2023 | Folleto |
